Be One with God: (Record no. 183135)

MARC details
000 -LEADER
fixed length control field 00641 a2200205 4500
005 - DATE AND TIME OF LATEST TRANSACTION
control field 20211217131923.0
010 ## - LCCN (DPL NO)
LC control number ENG-130391
020 ## - INTERNATIONAL STANDARD BOOK NUMBER
Terms of availability 350.00
035 ## - SYSTEM CONTROL NUMBER
System control number EN-113923
037 ## - SOURCE OF ACQUISITION
Source of stock number/acquisition DBAD/PUB
082 ## - DEWEY DECIMAL CLASSIFICATION NUMBER
Classification number 181.46
Item number 1
100 ## - MAIN ENTRY--PERSONAL NAME
Personal name Vivekananda, Swami
245 ## - TITLE STATEMENT
Title Be One with God:
Remainder of title A guiding light to mankind/
Statement of responsibility, etc Swami Vivekananda, Compilation By Naveena C K
250 ## - EDITION STATEMENT
Edition statement 2020
260 ## - PUBLICATION, DISTRIBUTION, ETC. (IMPRINT)
Place of publication, distribution, etc Karnataka
Name of publisher, distributor, etc Naveena C K
Date of publication, distribution, etc 2020
270 ## - ADDRESS
Address Basavanagudi
City Bengaluru
Postal code 560004
Telephone number 080-41425962
Electronic mail address naveena.ck@karthavya.co.in
300 ## - PHYSICAL DESCRIPTION
Extent x,358p.
Dimensions 23cm (pbk)
700 ## - ADDED ENTRY--PERSONAL NAME
Personal name C K, Naveena
942 ## - ADDED ENTRY ELEMENTS (KOHA)
Institution code [OBSOLETE] dpl
Item type English Books
Source of classification or shelving scheme Dewey Decimal Classification
Classification part 181.46
Call number suffix VIV
Holdings
Withdrawn status Lost status Not for loan Collection code Home library Current library Date acquired Source of acquisition Cost, normal purchase price Full call number Barcode Copy number Cost, replacement price Koha item type
      Non-fiction Patel Nagar Patel Nagar 17/12/2021 DBAD/PUB 350.00 181.46 VIV EN-113923 1 350.00 English Books

© Delhi Public Library
Hit Counter
free hit counter